| 000 | 01614 a2200277 4500 | ||
|---|---|---|---|
| 003 | Nust | ||
| 005 | 20170207165831.0 | ||
| 010 | _a 2003043594 | ||
| 020 | _a0521828430 | ||
| 040 | _cNust | ||
| 082 | 0 | 0 | _a384.33 |
| 100 | 1 | _aSharma, Chetan. | |
| 245 | 1 | 0 |
_aWireless data services :(E-BOOK) _btechnologies, business models, and global markets / _cChetan Sharma, Yasuhisa Nakamura. |
| 260 |
_aCambridge, UK ; _aNew York, NY : _bCambridge University Press, _c2003. |
||
| 300 |
_axxxvii, 361 p. : _bill. ; _c26 cm. |
||
| 505 | _aIntroduction (page-1). The impact of globalization (page-12). Subscriber needs and expectations (page-52). The wireless value chain (page-65). Global wireless technologies: systems and architectures (page-95). Business models and strategies (page-159). Business issues and challenges (page-193). Technology issues and challenges (page-226). Case studies (page-252). Perspectives (page-262). Future of wireless technologies, applications and services (page-288). Conclusions and recommendations (page-330). | ||
| 650 | 0 | _aElectronic commerce. | |
| 650 | 0 | _aTechnological innovations. | |
| 650 | 0 | _aTelecommunication. | |
| 650 | 0 | _aWireless communication systems. | |
| 700 | 1 | _aNakamura, Yasuhisa. | |
| 856 | 4 | 1 |
_3Book review (E-STREAMS) _uhttp://www.e-streams.com/es0708/es0708_3449.html |
| 856 | 4 | 1 |
_3Contributor biographical information _uhttp://www.loc.gov/catdir/enhancements/fy0731/2003043594-b.html |
| 856 | 4 | 1 |
_3Publisher description _uhttp://www.loc.gov/catdir/description/cam032/2003043594.html |
| 856 | 4 | 1 |
_3Sample text _uhttp://www.loc.gov/catdir/samples/cam041/2003043594.html |
| 942 |
_2ddc _cBK |
||
| 999 |
_c213297 _d213297 |
||